000 00402nam a2200169 i 4500
001 bg
100 1 _aSELL, Leon
245 0 _aŚlusarstwo w pytaniach i odpowiedziach /
_cL. Sell.
250 _aWyd.8 uzup. i rozsz.
260 _aWarszawa,
_c1987.
650 9 _aŚlusarstwo
655 _aPodręczniki
040 _cBPK
041 _apol
942 _cKS
008 s pl f |000 0 pol
999 _c6087
_d6087
856 _uhttp://koha.tu.koszalin.pl/cgi-bin/koha/opac-detail.pl?biblionumber=6087
_yKatalog online BPK